ថ្ងៃដែលសាលារៀនហោះ / (Record no. 8109)
[ view plain ]
| 000 -LEADER | |
|---|---|
| fixed length control field | 01907nam a22002897a 4500 |
| 001 - CONTROL NUMBER | |
| control field | 8109 |
| 003 - CONTROL NUMBER IDENTIFIER | |
| control field | FISKH |
| 005 - DATE AND TIME OF LATEST TRANSACTION | |
| control field | 20250825151830.0 |
| 008 - FIXED-LENGTH DATA ELEMENTS--GENERAL INFORMATION | |
| fixed length control field | 250825b cb ||||| |||| 00| 0 eng d |
| 020 ## - INTERNATIONAL STANDARD BOOK NUMBER | |
| International Standard Book Number | 9789995054328 |
| 040 ## - CATALOGING SOURCE | |
| Original cataloging agency | FISKH |
| Language of cataloging | khr |
| Transcribing agency | FISKH |
| Modifying agency | FISKH |
| 050 ## - LIBRARY OF CONGRESS CALL NUMBER | |
| Classification number | PZ7 |
| 100 ## - MAIN ENTRY--PERSONAL NAME | |
| Personal name | Masoumbeiki, Setareh |
| 245 ## - TITLE STATEMENT | |
| Title | ថ្ងៃដែលសាលារៀនហោះ / |
| Statement of responsibility, etc. | By Setareh Moasoumbeiki , Drew McDowell and កូវ កុលបុត្រ |
| 260 ## - PUBLICATION, DISTRIBUTION, ETC. | |
| Place of publication, distribution, etc. | ភ្នំពេញ : |
| Name of publisher, distributor, etc. | ក្រុមបោះពុម្ពផ្សាយ ស៊ីប៉ា Editions SIPAR , |
| Date of publication, distribution, etc. | 2010. |
| 300 ## - PHYSICAL DESCRIPTION | |
| Extent | 24 pages : |
| Other physical details | color illustrations ; |
| Dimensions | 25 cm . |
| 505 ## - FORMATTED CONTENTS NOTE | |
| Formatted contents note | K <br/> |
| 520 ## - SUMMARY, ETC. | |
| Summary, etc. | សាលារៀនមួយដែលចេះហោះហើរ។ ប៊ិចវេទមន្តដែលធ្វើអោយក្តីសុបិន្តរបស់កុមារក្លាយជាការពិត។ ជ័រលុបវេទមន្តដែលអាចលុបបំបាត់ជម្លោះ។ ដំណើរផ្សងព្រេងវេទមន្តមួយ ដែលកុមារត្រូវបានស្រមើស្រមៃឡើង ដើម្បីភ្លេចពីអារម្មណ៍លំបាកក្នុងជីវិតប្រចាំថ្ងៃរបស់ពួកគេ។ |
| 520 ## - SUMMARY, ETC. | |
| Summary, etc. | A flying school. Magical pens making the children's dreams become true. An earaser easing conflicts. A magical adventure imagined by children to forget their difficult situation of daily life. |
| 521 8# - TARGET AUDIENCE NOTE | |
| Target audience note | 510 <br/><br/> |
| Source | Lexile estimate <br/> |
| 521 8# - TARGET AUDIENCE NOTE | |
| Target audience note | K <br/> |
| Source | Raz-Plus <br/> |
| 650 ## - SUBJECT ADDED ENTRY--TOPICAL TERM | |
| Topical term or geographic name entry element | ថ្ងៃដែលសាលារៀនហោះ |
| Form subdivision | រឿងនិទានកុមារ |
| 650 ## - SUBJECT ADDED ENTRY--TOPICAL TERM | |
| Topical term or geographic name entry element | Day school can fly |
| Form subdivision | Children's Stories |
| 700 ## - ADDED ENTRY--PERSONAL NAME | |
| Personal name | Pisal, Ky |
| Relator term | Illustration |
| 942 ## - ADDED ENTRY ELEMENTS (KOHA) | |
| Source of classification or shelving scheme | Dewey Decimal Classification |
| Koha item type | Khmer Books |
| Suppress in OPAC | No |
| Withdrawn status | Lost status | Source of classification or shelving scheme | Damaged status | Not for loan | Collection | Home library | Current library | Shelving location | Date acquired | Total Checkouts | Full call number | Barcode | Date last seen | Price effective from | Koha item type |
|---|---|---|---|---|---|---|---|---|---|---|---|---|---|---|---|
| Dewey Decimal Classification | Khmer Language Books / សៀវភៅភាសាខ្មែរ | Footprints International School Library Network Toul Tom Poung Campus | Footprints International School Library Network Toul Tom Poung Campus | TTP Primary Khmer Bookshelves | 08/25/2025 | MAS PZ7 | 2025-4234 | 08/25/2025 | 08/25/2025 | Khmer Books |
